| 000 | 00568nam a2200205 a 4500 | ||
|---|---|---|---|
| 005 | 20140310183344.0 | ||
| 008 | 041022s19uu xx 00 eng d | ||
| 020 | _a0071255125 | ||
| 050 |
_aQA 76.5 _b.N826 2006 |
||
| 100 | _aNorton, Peter | ||
| 245 | _aIntroduction to computers / | ||
| 250 | _a5th ed. | ||
| 260 |
_aNew York : _bMcGraw-Hill Technology Education, _c2006. |
||
| 300 |
_a656 p. : _bill. ; _c27 cm. |
||
| 521 | _aIT | ||
| 650 | _aElectronic digital computers. | ||
| 650 | _aElectronic data processing. | ||
| 942 |
_cBK _2lcc _kFOR |
||
| 999 |
_c21899 _d21899 |
||